000 00756nam a2200217Ii 4500
003 JO-AjNU
008 230605s9999||||xx |||||||||||||| ||und||
017 _a2008/11751
020 _a977-5673-91-7
040 _aJO-AjNU
_bara
_erda
_cJO-AjNU
041 _aara
050 1 4 _aT60.35 2008
100 3 _aشبيب،باسم عبد الملك,
_eauthor
_932887
245 0 0 _aتحليل وقياس الانتاجية مع تطبيقات عملية باستخدام برنامج ms excel
264 3 1 _aالقاهرة:المنظمة العربية،2008
300 _a105ص
336 _atext
_btxt
_2rdacontent
337 _aunmediated
_bn
_2rdamedia
338 _avolume
_bnc
_2rdacarrier
650 4 _aادارة الانتاج-ضبط الجودة
_932888
999 _aA13328
_c16896
_d16896